000 00513nam a2200181Ia 4500
999 _c1047
_d1047
003 OSt
005 20210121113538.0
008 190216s9999||||xx |||||||||||||| ||und||
040 _coclc
082 _a574
_bWIN/B
100 _aWinchester, A M
_98328
245 0 _aBiology And Its Relation To Mankind /
_cA M Winchester
250 _a3rd Ed.
260 _bAffiliated East West Press,
_c1964.
_aNew Delhi:
300 _a632p
650 _aBotany
942 _cBK
_2ddc
_h574
_iWIN/B
_k574
_mWIN/B